[Event "Liape Magistral 10-B email"]
[Site "Liape email"]
[Date "2002.10.26"]
[Round "7"]
[White "Uzcategui Breisse, Jorge"]
[Black "Arrascaeta, Luis"]
[Result "1-0"]
[WhiteElo "1800"]
[BlackElo "1600"]
[PlyCount "37"]
[EventDate "2002.10.20"]
[EventType "tourn (corr)"]
[EventRounds "7"]
[EventCountry "ARG"]
[SourceTitle "Corr 2006"]
[Source "ChessBase"]
[SourceDate "2006.04.01"]
[SourceVersion "3"]
[SourceVersionDate "2006.04.01"]
[SourceQuality "1"]

1. d4 c6 2. e4 d5 3. e5 Bf5 4. Nd2 Nd7 5. Ngf3 e6 6. c3 f6 7. Nb3 fxe5 8. Nxe5 Nxe5 9. dxe5 Qc7 10. Qe2 0-0-0 11. Nd4 Qf7 12. b4 Be7 13. a4 h5 14. a5 a6 15. Nxc6 bxc6 16. Qxa6+ Kd7 17. b5 Rc8 18. bxc6+ Kd8 19. Qb7 1-0

[Event "Liape Magistral 10-A email"]
[Site "Liape email"]
[Date "2002.09.30"]
[Round "9"]
[White "Martinez Munoz, Juan Manuel"]
[Black "Arrascaeta, Luis"]
[Result "1-0"]
[WhiteElo "1600"]
[BlackElo "1600"]
[PlyCount "31"]
[EventDate "2002.09.22"]
[EventType "tourn (corr)"]
[EventRounds "8"]
[EventCountry "ARG"]
[SourceTitle "Corr 2006"]
[Source "ChessBase"]
[SourceDate "2006.04.01"]
[SourceVersion "3"]
[SourceVersionDate "2006.04.01"]
[SourceQuality "1"]

1. d4 Nf6 2. c4 e6 3. Nc3 d5 4. e3 Bd6 5. Nf3 0-0 6. cxd5 exd5 7. Be2 b6 8. 0-0 Bb7 9. Bd2 Re8 10. Bd3 Re4 11. Bxe4 Nxe4 12. Qc2 Nxd2 13. Qxd2 c5 14. Rfe1 Nd7 15. h3 c4 16. Na4 1-0

[Event "Liape Magistral 06 email"]
[Site "Liape email"]
[Date "2002.08.25"]
[Round "8"]
[White "Arrascaeta, Luis"]
[Black "Gonzalez, Erich"]
[Result "0-1"]
[WhiteElo "1600"]
[BlackElo "1600"]
[PlyCount "86"]
[EventDate "2002.08.18"]
[EventType "tourn (corr)"]
[EventRounds "9"]
[EventCountry "ARG"]
[SourceTitle "Corr 2006"]
[Source "ChessBase"]
[SourceDate "2006.04.01"]
[SourceVersion "3"]
[SourceVersionDate "2006.04.01"]
[SourceQuality "1"]

1. e4 c5 2. Nf3 Nc6 3. Bb5 a6 4. Bxc6 dxc6 5. d3 Bg4 6. Nbd2 g6 7. 0-0 Bg7 8. c3 Qxd3 9. h3 Bxf3 10. Qxf3 c4 11. Qxd3 cxd3 12. Rd1 Rd8 13. Nf3 c5 14. c4 Nf6 15. Ne5 Nxe4 16. Nxd3 b5 17. cxb5 c4 18. f3 Rxd3 19. Rxd3 cxd3 20. fxe4 axb5 21. Kf1 Kd7 22. Ke1 Ke6 23. Kd2 Rd8 24. Rb1 Bh6+ 25. Kc3 d2 26. Bxd2 Bxd2+ 27. Kc2 Bb4 28. a3 Rd2+ 29. Kc1 Rxg2 30. axb4 Rg1+ 31. Kc2 Rxb1 32. Kxb1 Ke5 33. Kc2 Kxe4 34. Kd2 Kf3 35. Ke1 Kg3 36. Ke2 Kxh3 37. Kf2 Kh2 38. Kf3 h5 39. Kf2 g5 40. b3 f5 41. Kf1 e5 42. Kf2 h4 43. Ke3 Kg2 0-1

[Event "Liape Magistral 06 email"]
[Site "Liape email"]
[Date "2002.08.24"]
[Round "7"]
[White "Godoy, Julio C"]
[Black "Arrascaeta, Luis"]
[Result "0-1"]
[WhiteElo "1600"]
[BlackElo "1600"]
[PlyCount "30"]
[EventDate "2002.08.18"]
[EventType "tourn (corr)"]
[EventRounds "9"]
[EventCountry "ARG"]
[SourceTitle "Corr 2006"]
[Source "ChessBase"]
[SourceDate "2006.04.01"]
[SourceVersion "3"]
[SourceVersionDate "2006.04.01"]
[SourceQuality "1"]

1. e4 e5 2. Nf3 Nc6 3. d4 exd4 4. Nxd4 Bc5 5. Be3 Qf6 6. c3 Nge7 7. Bc4 Ne5 8. Be2 Qg6 9. 0-0 0-0 10. Nd2 d6 11. Bh5 Bg4 12. Bxg6 Bxd1 13. Bxh7+ Kxh7 14. Raxd1 g6 15. N2b3 Kg7 0-1

[Event "Liape Magistral 04 email"]
[Site "Liape email"]
[Date "2002.08.19"]
[Round "10"]
[White "Arrascaeta, Luis"]
[Black "Mendez, Axel Rene"]
[Result "0-1"]
[WhiteElo "1600"]
[BlackElo "2000"]
[PlyCount "53"]
[EventDate "2002.08.10"]
[EventType "tourn (corr)"]
[EventRounds "9"]
[EventCountry "ARG"]
[SourceTitle "Corr 2006"]
[Source "ChessBase"]
[SourceDate "2006.04.01"]
[SourceVersion "3"]
[SourceVersionDate "2006.04.01"]
[SourceQuality "1"]

1. e4 e6 2. Nf3 d5 3. e5 c5 4. Bb5+ Bd7 5. Bxd7+ Nxd7 6. d4 cxd4 7. Qxd4 Bc5 8. Qd1 Qc7 9. 0-0 Nxe5 10. b3 Nxf3+ 11. Qxf3 Bd6 12. g3 Qxc2 13. Bf4 Bxf4 14. Qxf4 Ne7 15. Na3 Qc5 16. Nb1 Rc8 17. Nd2 0-0 18. Nf3 Qa3 19. Rfd1 Rc2 20. Rdc1 Rxa2 21. Rxa2 Qxa2 22. Qb4 Nf5 23. Qxb7 Nd6 24. Qc7 Qxb3 25. Ne5 Qb2 26. Nd7 Re8 27. Rc6 0-1